| 000 | 00489 a2200169 4500 | ||
|---|---|---|---|
| 003 | Nust | ||
| 005 | 20230213105932.0 | ||
| 040 | _cNust | ||
| 082 | _a993,MIL | ||
| 100 |
_aMiller, Harold _9108957 |
||
| 245 |
_aNew Zealand / _cHarold Miller |
||
| 260 |
_aNew York _bHutchinson University |
||
| 300 | _a155:p | ||
| 505 | _aPart-1 The Period of Race Conflict :1814-1865 (Page-9), Part-2 Towards a Socialist State: 1865-1947 (Page-75). | ||
| 650 |
_aNew Zealand _9108958 |
||
| 942 |
_2ddc _cBK |
||
| 999 |
_c187510 _d187510 |
||